000 00354nam a2200157Ia 4500
008 191201s2008 xx 000 0 und d
020 _a9788120306967
082 _a005.133
_bTED
100 _aTENENBAUM, A
245 0 _aData Structures Using C
250 _aRep.
260 _aN.Delhi
_bPHI
_c2008
300 _a662
650 _aMCA
942 _2ddc
_cBK
999 _c3756
_d3756